Simulácia merania univerzálnej gravitačnej konštanty z balistických fáz pohybu gravitujúcich telies v podmienkach mikrogravitácie

Saved in:
Bibliographic Details
Main Author: Kubránska, Adela (Author)
Other Authors: Valko, Pavol (Thesis advisor)
Format: Manuscript Book
Language:Slovak
Published: 2021
Subjects:
Online Access:http://is.stuba.sk/zp/portal_zp.pl?podrobnosti=149717
Tags: Add Tag
No Tags, Be the first to tag this record!

MARC

LEADER 00000ntm a22000003a 4500
001 stuzp81628
003 SK-STU
005 20210828210419.8
007 ta
008 150427s2015----xo-----f-mn---000-0-slo-d
040 |a STU  |b slo 
041 0 |a slo 
100 1 |a Kubránska, Adela  |u 036000  |4 aut  |U FEI Fakulta elektrotechniky a informatiky  |T FEI Ústav jadrového a fyzikálneho inžinierstva  |X 98109  |U E060  |Y 817  |7 98109 
242 0 1 |a Simulation of universal gravitational constant determination based on ballistic phases of massive bodies motion under microgravity conditions  |y eng 
245 1 0 |a Simulácia merania univerzálnej gravitačnej konštanty z balistických fáz pohybu gravitujúcich telies v podmienkach mikrogravitácie 
260 |c 2021 
650 4 |a mikrogravitácia  |2 slo 
650 4 |a simulácia merania  |2 slo 
650 4 |a gravitačná konštanta  |2 slo 
650 4 |a gravitational constant  |2 eng 
650 4 |a microgravity  |2 eng 
650 4 |a simulation of measurement  |2 eng 
700 1 |a Valko, Pavol  |u 036000  |k Z1  |4 ths  |U FEI Fakulta elektrotechniky a informatiky  |T FEI Ústav jadrového a fyzikálneho inžinierstva  |X 4234  |U E060  |Y 817  |7 A000004234 
856 4 |u http://is.stuba.sk/zp/portal_zp.pl?podrobnosti=149717